| 000 | 00884cab a2200289 4500 | ||
|---|---|---|---|
| 001 | WB3515-06 | ||
| 008 | 090401t1999 xxu||||| |||| 00| 0 eng d | ||
| 035 | _a(Sirsi) u92867 | ||
| 041 | _aeng | ||
| 245 | 4 | _aThe Forth factor | |
| 260 | _c1999 | ||
| 350 | _a0 | ||
| 490 |
_aScotsman _v20 April 1999, 31(1) |
||
| 520 | _aLooks at the importance of location as opposed to rent for occupiers, especially when siting a headquarters building. Uses the example of office space around the Forth to illustrate the point. | ||
| 650 | _aBUSINESS PARKS | ||
| 650 | _aDUNFERMLINE | ||
| 650 | _aEDINBURGH | ||
| 650 | _aFIRTH OF FORTH | ||
| 650 | _aGLASGOW | ||
| 650 | _aHEADQUARTERS BUILDINGS | ||
| 650 | _aLOCATION | ||
| 650 | _aOFFICE RENTS | ||
| 650 | _aSCOTLAND | ||
| 690 | _aPROPERTY-COMMERCIAL PROPERTY-COMMERCIAL PROPERTY MARKET | ||
| 942 | _n0 | ||
| 948 | _c20/04/1999 | ||
| 999 |
_c58868 _d58868 |
||